| 000 | 01134nam a22001937a 4500 | ||
|---|---|---|---|
| 003 | JO-AjAnu | ||
| 005 | 20250310103918.0 | ||
| 008 | 250310b jo ||||| |||| 00| 0 ara d | ||
| 040 | _cJO-AjAnu | ||
| 041 | _hara | ||
| 100 |
_aعلي، مأمون محمد محمود _eمعد _966490 |
||
| 245 |
_aأثر التخطيط الاستراتيجي لمنظمات الأعمال في إدارة الأزمات الدولية في شركات التخليص الجمركي = The Impact of strategic planning of Business Organizations in Managing international Crisis Customs Clearance Companies _c / اعداد مأمون محمد محمود علي ؛ اشراف هشام علي شطناوي |
||
| 260 | _c2025 | ||
| 300 | _a111 ورقة | ||
| 500 | _aرسالة جامعية (رسالة ماجستير في ادارة الاعمال)- جامعة عجلون الوطنية (عجلون - الاردن) - كلية الأعمال، تخصص ادارة الاعمال، 2025. | ||
| 650 | _vادارة الازمات-ادارة الأعمال-الأردن | ||
| 700 |
_aشطناوي،هشام علي _964865 _eمشرف |
||
| 942 |
_2lcc _cTHS _n0 |
||
| 999 |
_c33885 _d33885 |
||